| 000 | 00651nab a2200193 i 4500 | ||
|---|---|---|---|
| 001 | BPP | ||
| 003 | BPK | ||
| 005 | 20160107120629.0 | ||
| 008 | 150319s2004 pl n f |000 0eng | ||
| 040 | _cBPK | ||
| 041 | _aeng | ||
| 044 | _aPOL | ||
| 100 |
_aBORKOWSKI, Przemysław. _d1993 - 1996. _bWyższa Szkoła Inżynierska w Koszalinie - Wydział Mechaniczny, _cKatedra Inżynierii Mechanicznej |
||
| 245 |
_aHigh-pressure hybrid jet structure / _cPrzemysław Borkowski. |
||
| 260 | _c2004. | ||
| 500 | _aDane z bibliografii załącznikowej. | ||
| 773 |
_iW : _tJournal of Jet Flow Engineering. - _g2004, Vol. 21, No. 3, pp. 11-15 |
||
| 942 |
_cART _2UKD |
||
| 999 |
_c1188 _d1188 |
||